The Court of Appeal Civil Appeal No. 22 of 2003 Sam Semanda Vs The Attorney General of Uganda . (Record no. 3365)
[ view plain ]
| 000 -LEADER | |
|---|---|
| fixed length control field | 01005nam a22001577a 4500 |
| 008 - FIXED-LENGTH DATA ELEMENTS--GENERAL INFORMATION | |
| fixed length control field | 110620t xxu||||| |||| 00| 0 eng d |
| 010 ## - LIBRARY OF CONGRESS CONTROL NUMBER | |
| LC control number | CACAF47 |
| 245 ## - TITLE STATEMENT | |
| Title | The Court of Appeal Civil Appeal No. 22 of 2003 Sam Semanda Vs The Attorney General of Uganda . |
| 260 ## - PUBLICATION, DISTRIBUTION, ETC. (IMPRINT) | |
| Date of publication, distribution, etc | 2003 |
| 500 ## - GENERAL NOTE | |
| General note | Coram: Hon. Lady Justice L.E.M. Mukasa-Kikonyogo. DCJ.<br/> Hon. Lady Justice C.N.B. Kitumba, JA<br/> Hon. Mr. Justice S.B.K. Kavuma, JA. |
| 500 ## - GENERAL NOTE | |
| General note | An Appeal from the decision of the High Court of Uganda at Kampala ( P. Mugamba. J) dated the 22nd November 2002 in Civil Suit No. 1475 of 2003 |
| Withdrawn status | Lost status | Source of classification or shelving scheme | Damaged status | Koha normalized classification for sorting | Not for loan | Location (home branch) | Sublocation or collection (holding branch) | Shelving location | Date acquired | Koha issues (times borrowed) | Koha full call number | Piece designation (barcode) | Koha date last seen | Price effective from | Koha item type |
|---|---|---|---|---|---|---|---|---|---|---|---|---|---|---|---|
| Dewey Decimal Classification | CACAF_64 | Law Development Centre Main Library | Law Development Centre Main Library | Law Reports | 06/20/2011 | CACAF 64 | 22/2003/1 | 06/20/2011 | 06/20/2011 | Un Reported Cases | |||||
| Dewey Decimal Classification | CACAF_64 | Law Development Centre Main Library | Law Development Centre Main Library | Law Reports | 06/20/2011 | CACAF 64 | 22/2003/2 | 06/20/2011 | 06/20/2011 | Un Reported Cases | |||||
| Dewey Decimal Classification | CACAF_64 | Law Development Centre Main Library | Law Development Centre Main Library | Law Reports | 06/20/2011 | CACAF 64 | 22/2003/3 | 06/20/2011 | 06/20/2011 | Un Reported Cases | |||||
| Dewey Decimal Classification | CACAF_64 | Law Development Centre Main Library | Law Development Centre Main Library | Law Reports | 06/20/2011 | CACAF 64 | 22/2003/4 | 06/20/2011 | 06/20/2011 | Un Reported Cases |
